000 00872nam a22002777a 4500
001 BR7500547
003 BR-BrBNA
005 20230928084722.0
007 ta
008 230509b bl.||||| |||| 00| 0 por d
040 _aBR-BrBNA
_bpor
_cBiblioteca Nacional de Agricultura
041 _a(Por)
072 _aE30; L00
_b5213
_b/G514
090 _ 5213 BR7500547
110 1 _aAssociacao de Credito e Assistencia Rural do Estado do Para, Belem (Brasil)
_9493
245 1 _aProjeto gado de corte; plano de acao para as areas das rodovias PA-70 e Belem-Brasilia [assistencia tecnica, Brasil]
260 3 _aBelem, PA (Brasil):
_c1975.
300 _a15 p.
650 _aPROJETO DE DESENVOLVIMENTO
650 _aGADO DE CORTE
650 _aASSISTENCIA TECNICA
650 _aPROJETO PECUARIO
650 _aPARA
909 _a202309
_bLucia
_c55
_dLucia Elande
942 _cBK
999 _c20685
_d20685